Statistieken voor Willekeurige landen op de wereldkaart

Klik hier om de quiz te nemen!

Algemene statistieken

  • Deze quiz is 66 keer genomen
  • De gemiddelde score is 17 van 30

Antwoorden op de kaart

Antwoorden kleurgecodeerd door een groen-rode schaal op de quizkaart volgens % correct hieronder.
 

Antwoordstatistieken

Land% Correct
Argentinië
100%
België
100%
Bosnië en Herzegovina
100%
Brazilië
100%
Canada
100%
Chili
100%
Costa Rica
100%
Denemarken
100%
Ecuador
100%
Egypte
100%
Eswatini
100%
Fiji
100%
Frankrijk
100%
Griekenland
100%
India
100%
Italië
100%
Jemen
100%
Kazachstan
100%
Marokko
100%
Marshalleilanden
100%
Mexico
100%
Mozambique
100%
Namibië
100%
Noord-Korea
100%
Oekraïne
100%
Pakistan
100%
Polen
100%
Roemenië
100%
Rusland
100%
Soedan
100%
Spanje
100%
Sri Lanka
100%
Tsjechië
100%
Vaticaanstad
100%
Verenigde Staten
100%
Zuid-Afrika
100%
Duitsland
80%
Finland
80%
China
75%
Congo-Kinshasa
75%
Senegal
75%
Tsjaad
75%
Uruguay
75%
Vietnam
75%
Armenië
67%
Hongarije
67%
IJsland
67%
Japan
67%
Libië
67%
Madagaskar
67%
Myanmar
67%
Nieuw-Zeeland
67%
Niger
67%
Noord-Macedonië
67%
Oostenrijk
67%
Verenigd Koninkrijk
67%
Zwitserland
67%
Georgië
60%
Guyana
60%
Ierland
60%
Oezbekistan
60%
Rwanda
60%
Seychellen
60%
Tunesië
60%
Wit-Rusland
60%
Zweden
60%
Albanië
50%
Andorra
50%
Angola
50%
Australië
50%
Azerbeidzjan
50%
Bhutan
50%
Botswana
50%
Bulgarije
50%
Djibouti
50%
Guinee
50%
Ivoorkust
50%
Kaapverdië
50%
Kameroen
50%
Kenia
50%
Malawi
50%
Nicaragua
50%
Noorwegen
50%
Paraguay
50%
Peru
50%
Portugal
50%
Saoedi-Arabië
50%
Sao Tome en Principe
50%
Slowakije
50%
Syrië
50%
Thailand
50%
Togo
50%
Turkmenistan
50%
Venezuela
50%
Zambia
50%
Zuid-Korea
50%
Jordanië
43%
San Marino
43%
Algerije
40%
Benin
40%
Bolivia
40%
Indonesië
40%
Nigeria
40%
Taiwan
40%
Antigua en Barbuda
33%
Belize
33%
Burkina Faso
33%
Colombia
33%
Comoren
33%
Cuba
33%
El Salvador
33%
Estland
33%
Filipijnen
33%
Ghana
33%
Iran
33%
Kiribati
33%
Koeweit
33%
Montenegro
33%
Oman
33%
Sierra Leone
33%
Slovenië
33%
Trinidad en Tobago
33%
Brunei
29%
Kosovo
29%
Bangladesh
25%
Guinee-Bissau
25%
Irak
25%
Kroatië
25%
Maleisië
25%
Mauritanië
25%
Micronesia
25%
Samoa
25%
Servië
25%
Tonga
25%
Cambodja
20%
Grenada
20%
Kirgizië
20%
Vanuatu
20%
Nauru
17%
Afghanistan
0%
Bahama's
0%
Bahrein
0%
Barbados
0%
Burundi
0%
Centraal-Afrikaanse Republiek
0%
Congo-Brazzaville
0%
Cyprus
0%
Dominica
0%
Dominicaanse Republiek
0%
Equatoriaal-Guinea
0%
Eritrea
0%
Ethiopië
0%
Gabon
0%
Gambia
0%
Guatemala
0%
Haïti
0%
Honduras
0%
Israël
0%
Jamaica
0%
Laos
0%
Lesotho
0%
Letland
0%
Libanon
0%
Liberia
0%
Liechtenstein
0%
Litouwen
0%
Luxemburg
0%
Maldiven
0%
Mali
0%
Malta
0%
Mauritius
0%
Moldavië
0%
Monaco
0%
Mongolië
0%
Nederland
0%
Nepal
0%
Oeganda
0%
Oost-Timor
0%
Palau
0%
Panama
0%
Papoea-Nieuw-Guinea
0%
Qatar
0%
Saint Kitts en Nevis
0%
Saint Lucia
0%
Saint Vincent en de Grenadines
0%
Salomonseilanden
0%
Singapore
0%
Somalië
0%
Suriname
0%
Tadzjikistan
0%
Tanzania
0%
Turkije
0%
Tuvalu
0%
Verenigde Arabische Emiraten
0%
Zimbabwe
0%
Zuid-Soedan
0%

Scoreverdeling

Percentiel versus Aantal Correcte Antwoorden

Procent van Mensen met Elke Score

Uw Scoregeschiedenis

U heeft deze quiz nog niet genomen